000 00920nam a22002297a 4500
003 OSt
005 20180116192412.0
008 121206t1991 xxu||||| |||| 00| 0 eng d
020 _a9780312097424
020 _a0312097425
040 _c0
082 _a720
100 1 _aScully, Vincent.
_96058
245 1 0 _aArchitecture :
_bthe natural and the manmade /
_cVincent Scully.
260 _aNew York :
_bSt Martins Pr,
_c1991.
300 _a388 p. :
_bill!;
_c26 cm.
520 _aScully is a pioneer of 20th century architecture. This volume is the grand sum of his career. It is not only the history of great edifices, but also a book that explores the unique dialogue between human beings and their buildings and the natural world. 500 color/b&w photos.
650 _aNature (Aesthetics)
_96059
650 _aArchitecture
_96060
942 _2ddc
_cBK
999 _c353579
_d353579